000 00490nam a2200205Ia 4500
008 210210b1949 xxu||||| |||| 00| 0 eng d
041 _aeng
082 _a320/249
100 _aHILL (Christopher)
245 _aLenin and the Russian revolution
260 _aLondon
_bHodder and Stoughton Limited
_c1949
300 _axvi,245
650 _athe
650 _aRussian
650 _arevolution
650 _aLenin
650 _aand
690 _aPolitical Science
906 _a001999
999 _c118054
_d118054